Digital Image Processing (Record no. 31384)
[ view plain ]
| 000 -LEADER | |
|---|---|
| fixed length control field | 00365nam a2200169Ia 4500 |
| 082 ## - DEWEY DECIMAL CLASSIFICATION NUMBER | |
| Classification number | 621.367 |
| Item number | JAY |
| 100 ## - MAIN ENTRY--PERSONAL NAME | |
| Personal name | Jayaraman/S |
| 245 ## - TITLE STATEMENT | |
| Title | Digital Image Processing |
| 260 ## - PUBLICATION, DISTRIBUTION, ETC. | |
| Name of publisher, distributor, etc. | Tata Mc Graw hill Ltd. |
| Date of publication, distribution, etc. | 2009 |
| 366 ## - TRADE AVAILABILITY INFORMATION | |
| Publishers's discount category | 25 |
| 300 ## - PHYSICAL DESCRIPTION | |
| Extent | 723 |
| 546 ## - LANGUAGE NOTE | |
| Language note | ENGLISH |
| 650 ## - SUBJECT ADDED ENTRY--TOPICAL TERM | |
| Topical term or geographic name entry element | image processing |
| 654 ## - SUBJECT ADDED ENTRY--FACETED TOPICAL TERMS | |
| Focus term | image processing |
| 942 ## - ADDED ENTRY ELEMENTS (KOHA) | |
| Koha item type | BOOK |
| Withdrawn status | Lost status | Damaged status | Not for loan | Collection | Home library | Current library | Date acquired | Source of acquisition | Cost, normal purchase price | Inventory number | Total Checkouts | Full call number | Barcode | Date last seen | Cost, replacement price | Price effective from | Koha item type | Date last checked out |
|---|---|---|---|---|---|---|---|---|---|---|---|---|---|---|---|---|---|---|
| CRC | Fr. Agnel's C.Rodrigues College of Engineering | Fr. Agnel's C.Rodrigues College of Engineering | 17/03/2023 | Dharma Enterprises | 318.75 | 619 dt 08/08/2009 | 621.367 JAY | 19960 | 17/03/2023 | 425.00 | BOOK | |||||||
| CRC | Fr. Agnel's C.Rodrigues College of Engineering | Fr. Agnel's C.Rodrigues College of Engineering | 17/03/2023 | Allied Publishers | 337.50 | 2319 dt 18/09/2010 | 621.367 JAY | 21058 | 17/03/2023 | 450.00 | BOOK | |||||||
| CRC | Fr. Agnel's C.Rodrigues College of Engineering | Fr. Agnel's C.Rodrigues College of Engineering | 17/03/2023 | Allied Publishers | 337.50 | 2319 dt 18/09/2010 | 621.367 JAY | 21059 | 17/03/2023 | 450.00 | BOOK | |||||||
| CRC | Fr. Agnel's C.Rodrigues College of Engineering | Fr. Agnel's C.Rodrigues College of Engineering | 17/03/2023 | Allied Publishers | 337.50 | 2319 dt 18/09/2010 | 1 | 621.367 JAY | 21060 | 18/02/2026 | 450.00 | BOOK | 04/02/2026 | |||||
| CRC | Fr. Agnel's C.Rodrigues College of Engineering | Fr. Agnel's C.Rodrigues College of Engineering | 17/03/2023 | Allied Publishers | 337.50 | 2319 dt 18/09/2010 | 621.367 JAY | 21061 | 17/03/2023 | 450.00 | BOOK | |||||||
| CRC | Fr. Agnel's C.Rodrigues College of Engineering | Fr. Agnel's C.Rodrigues College of Engineering | 17/03/2023 | Allied Publishers | 337.50 | 2319 dt 18/09/2010 | 621.367 JAY | 21062 | 17/03/2023 | 450.00 | BOOK | |||||||
| CRC | Fr. Agnel's C.Rodrigues College of Engineering | Fr. Agnel's C.Rodrigues College of Engineering | 17/03/2023 | Allied Publishers | 337.50 | 2319 dt 18/09/2010 | 621.367 JAY | 21063 | 17/03/2023 | 450.00 | BOOK | |||||||
| CRC | Fr. Agnel's C.Rodrigues College of Engineering | Fr. Agnel's C.Rodrigues College of Engineering | 17/03/2023 | Allied Publishers | 337.50 | 2319 dt 18/09/2010 | 621.367 JAY | 21064 | 17/03/2023 | 450.00 | BOOK | |||||||
| CRC | Fr. Agnel's C.Rodrigues College of Engineering | Fr. Agnel's C.Rodrigues College of Engineering | 17/03/2023 | Allied Publishers | 337.50 | 2319 dt 18/09/2010 | 621.367 JAY | 21065 | 17/03/2023 | 450.00 | BOOK | |||||||
| CRC | Fr. Agnel's C.Rodrigues College of Engineering | Fr. Agnel's C.Rodrigues College of Engineering | 17/03/2023 | Allied Publishers | 337.50 | 2319 dt 18/09/2010 | 621.367 JAY | 21066 | 17/03/2023 | 450.00 | BOOK | |||||||
| CRC | Fr. Agnel's C.Rodrigues College of Engineering | Fr. Agnel's C.Rodrigues College of Engineering | 17/03/2023 | Allied Publishers | 337.50 | 2319 dt 18/09/2010 | 621.367 JAY | 21067 | 17/03/2023 | 450.00 | BOOK |